| 000 | 00522nam a2200193 a 4500 | ||
|---|---|---|---|
| 005 | 20210219152819.0 | ||
| 008 | 991125n 000 0 spa u | ||
| 035 | _aUPN01000062249 | ||
| 222 | _aCORREO DE LA UNESCO | ||
| 245 | _a800 millones de adultos privados de un derecho elemental | ||
| 300 | _a4-9 | ||
| 362 | _a1980 Vol. 33, no. 6, jun. | ||
| 653 | 0 | _aALFABETIZACION | |
| 653 | 0 | _aANALFABETISMO | |
| 653 | 0 | _aEDUCACION BASICA | |
| 653 | 0 | _aEDUCACION PERMANENTE | |
| 904 |
_aAC _b000060 |
||
| 905 | _aArticulo | ||
| 999 |
_c61597 _d61597 |
||